000 00461cam a2200181ua 4500
001 151
008 110322n ii |||gr||||Z||||||asm
040 _cMAIN
082 _a005.4
100 _aBorah, Devojyoti.,
_eAuthor.
245 1 _aD.T.P. operatorar purnanga hatputhi
_cby Devojyoti Borah
250 _a2nd.
260 _aJorhat:
_bUnika prakashan,
_c2005.
300 _a64p.:
_bill.;0cm.
653 _aComputer science
653 _aDTP Operator
942 _cBK
999 _c139
_d139